000 02053nam a2200397 i 4500
001 000038288
003 DO-SdBNP
005 20250621074008.0
008 130408s1992 dr 001 0 spa d
020 _a8460086143
040 _aDO-SdBNP
_bspa
_cBNPHU
_erda
082 4 _a325.27294097293
_bC965h
_222
245 0 3 _aLa cuestión haitiana en Santo Domingo :
_bmigración internacional, desarrollo y relaciones inter-estatales entre Haití y República Dominicana /
_ceditor, Wilfredo Lozano ; traducción, Rosa Ines Bueno y Leyda Margarita Piña.
264 _aSanto Domingo :
_bFLACSO,
_c1992.
300 _a293 páginas ;
_c23 cm.
336 _2rdacontent
_atexto
_btxt
337 _2rdamedia
_asin mediación
_bn
338 _2rdacarrier
_avolumen
_bnc
500 _aIncluye las ponencias presentadas en el "Coloquio Internacioanl sobre la cuestión haitiana en República Dominicana", celebrado en Santo Domingo del 2-4 de diciembre de 2001.
500 _aIncluye referencias bibliográficas y notas al final de los capítulos.
505 0 _aPresentación --
_tNación, frontera y migraciones internacionales --
_tRelaciones jurídicas, prejuicio e inmigración --
_tPolítica migratoria y relaciones inter-estatales.
590 _aInventariado, 2018/BT
650 4 _aHaitianos en República Dominicana
_92246
651 4 _aHaití -
_xEmigración e inmigración
_91425
651 4 _aHaití -
_xEmigración e inmigración
_91425
651 4 _aRepública Dominicana -
_xRelaciones exteriores -
_zHaití
_92233
651 4 _aRepública Dominicana -
_xRelaciones exteriores -
_zHaití
_92233
651 4 _aHaití -
_xRelaciones exteriores -
_zRepública Dominicana
_92234
651 0 _aRepública Dominicana
_xPolítica y gobierno
_945
700 1 _aLozano, Wilfredo
_d1950-
_eedición
_97126
700 1 _aBueno, Rosa Ines,
_etraducción
_9293
700 1 _aPiña, Leyla Margarita,
_etraducción
_964656
710 2 _aFLACSO (Organización).
_bPrograma República Dominicana
_971393
910 _aValidado. Control de calidad. EMS
942 _2ddc
_cLBS1
999 _c37778
_d37778